00709 2200193 4500001002100000005001700021008004100038035002400079082001400103090002300117100001800140245013500158260008300293300003900376500003200415504003000447650002000477990001800497YOGYA-0213000000017720130206141933.0 ind  0010-021300000000177 a614.599 3 aSK 614.599 3 Rid U aRIDHA RUSYANA aUpaya pusat informasi HIV/AIDS (PIHA) RSU PKU Muhammadiyah Yogyakarta dalam penanggulangan HIV/AIDS di Yogyakarta /cRidha Rusyana aYogyakarta :bFakultas Dakwah Institut Agama Islam Negeri Sunan Kalijagac2001 ax,91(11) lbr.:bilus,lamp.;c29 cm aSkripsi IAIN Sunan Kalijaga aBibliografi : (lbr.92-93) aAids (penyakit) a43549-PD/A.12